Ivo Bláha

Bibliographic Details
Main Author: Mlejnek, Karel, 1930-1999 (Author)
Format: Book
Language:Czech
PhysicalDescription:1 list zlož. v [6] s. 8°
Published: Praha Č[es.] H[udební] F[ond] [1981]

MARC

LEADER 00000nam a2200000 a 4500
001 vtls001342639
003 SK-MaSNL
005 20260301070146.0
008 210928s1981 xr 0 cze
035 |a SNK000295801 
040 |a SNK  |b slo  |c SNK  |e AACR2 
044 |a xr  |c CZ 
245 1 |a Ivo Bláha  |c [text:] Karel Mlejnek 
260 |a Praha  |b Č[es.] H[udební] F[ond]  |c [1981] 
300 |a 1 list zlož. v [6] s.  |c 8° 
700 1 |a Mlejnek, Karel,  |d 1930-1999  |4 aut  |9 86184 
958 |a OND 
999 |c 633332  |d 635262 
952 |t P60, <04>, [BOOK], {604}  |a SNK  |b SNK  |y VYP  |7 0  |o snkOIC 2241  |i snkKIP 4520/81  |0 0  |1 0  |4 0  |d 1998-09-23  |l 0  |r 2005-01-02 00:00:00  |w 2026-02-23 
952 |t P60, <04>, [BOOK], {604}  |a SNK  |b SNK  |y VYP  |7 0  |o snkOIC 2241 D1  |i snkKIP 4521/81  |0 0  |1 0  |4 0  |d 1998-09-23  |l 0  |r 2005-01-02 00:00:00  |w 2026-02-23